The story of the declaration of independence / (Record no. 13119)

MARC details
000 -LEADER
fixed length control field 01132cam a22003011i 4500
001 - CONTROL NUMBER
control field 10260506
003 - CONTROL NUMBER IDENTIFIER
control field EG-ScBUE
005 - DATE AND TIME OF LATEST TRANSACTION
control field 20240707094558.0
008 - FIXED-LENGTH DATA ELEMENTS--GENERAL INFORMATION
fixed length control field 721117s1954 nyuac f b 000 0 eng d
035 ## - SYSTEM CONTROL NUMBER
System control number (OCoLC)497911
040 ## - CATALOGING SOURCE
Original cataloging agency DLC
Language of cataloging eng
Description conventions rda
Transcribing agency ODaWU
Modifying agency OCoLC
-- OkU
-- MoSU-L
-- Uk
-- DLC
-- EG-ScBUE
043 ## - GEOGRAPHIC AREA CODE
Geographic area code n-us---
082 04 - DEWEY DECIMAL CLASSIFICATION NUMBER
Classification number 973.313
Edition number 22
Item number MAL
100 1# - MAIN ENTRY--PERSONAL NAME
Personal name Malone, Dumas,
Dates associated with a name 1892-1986,
Relator term author.
9 (RLIN) 10291
245 14 - TITLE STATEMENT
Title The story of the declaration of independence /
Statement of responsibility, etc pictures by Hirst Milhollen and Milton Kaplan ; text by Dumas Malone.
264 #1 - PUBLICATION, DISTRIBUTION, ETC. (IMPRINT)
Place of publication, distribution, etc New York :
Name of publisher, distributor, etc Oxford University Press,
Date of publication, distribution, etc 1954.
300 ## - PHYSICAL DESCRIPTION
Extent 282 pages :
Other physical details illustrations, portraits ;
Dimensions 29 cm
336 ## - CONTENT TYPE
Source rdacontent
Content type term text
Content type code txt
337 ## - MEDIA TYPE
Media type term unmediated
Source rdamedia
Media type code n
338 ## - CARRIER TYPE
Carrier type term volume
Carrier type code nc
Source rdacarrier
504 ## - BIBLIOGRAPHY, ETC. NOTE
Bibliography, etc Includes bibliographical references.
610 17 - SUBJECT ADDED ENTRY--CORPORATE NAME
Corporate name or jurisdiction name as entry element United States.
Title of a work Declaration of Independence.
Source of heading or term BUEsh
9 (RLIN) 10292
655 ## - INDEX TERM--GENRE/FORM
Form subdivision Reading book
700 1# - ADDED ENTRY--PERSONAL NAME
Personal name Milhollen, Hirst Dillon,
Dates associated with a name 1906-
Relator term photographer.
9 (RLIN) 10293
700 1# - ADDED ENTRY--PERSONAL NAME
Personal name Kaplan, Milton,
Dates associated with a name 1918-
Relator term contributer.
9 (RLIN) 10294
942 ## - ADDED ENTRY ELEMENTS (KOHA)
Source of classification or shelving scheme Dewey Decimal Classification
Koha item type Book - Borrowing
Holdings
Withdrawn status Lost status Source of classification or shelving scheme Damaged status Not for loan Collection code Home library Current library Shelving location Date acquired Source of acquisition Total Checkouts Full call number Barcode Date last seen Price effective from Koha item type
    Dewey Decimal Classification     Donation-Gift Central Library Central Library Second Floor 13/01/2010 Donation   973.313 MAL 000019351 15/07/2025 13/01/2010 Book - Borrowing